Statistics for US States with Longest Names

Click here to take the quiz!

General Stats

  • This quiz has been taken 2,501 times
  • The average score is 5 of 6

Answer Stats

State% Correct
North Carolina
89%
South Carolina
88%
Massachusetts
81%
New Hampshire
77%
West Virginia
72%
Pennsylvania
68%

Score Distribution

Percentile by Number Answered

Percent of People with Each Score

Your Score History

You have not taken this quiz